Riconosci lo Stato - Quiz n°78 - Statistics

Statistiche generali
  • Questo quiz è stato fatto 46 volte
  • Il punteggio medio è 9 su 13
Statistiche sulle risposte
Indizio Risposta % Corretto
Valuta Lira
97%
Iniziale della Capitale B
92%
Popolazione 6 825 442 ab.
82%
Primo ministro Najīb Mīqātī
79%
Fuso Orario UTC+2 Orario estivo (ora legale): UTC+3
79%
Presidente della Repubblica "Vacante"
74%
Superficie 10 452 km²
72%
Indipendenza dalla Francia, 22 novembre 1943
72%
Forma di Governo Repubblica parlamentare
67%
ISU 0,706
62%
PIL (nominale) 41 343 milioni di $
59%
Tasso di crescita crescita -0,38%
54%
Risposta Libano
49%
Nessun quiz corrispondente trovato
Distribuzione punteggi
Percentuale di utenti per punteggio
Percentile per numero di risposta
I tuoi punteggi nel tempo
Non hai fatto questo quiz